000 00431nam a2200133 4500
999 _c9290
_d9290
008 180427b ||||| |||| 00| 0 eng d
082 _aDPer 050 Dec 2015-Mar 2016 T48 v186-187
100 _927653
_aBaker, Aryn.
245 _aWar and rape/
_cAryn Baker.
260 _aNew York:
_bTime Inc.,
_c©Dec 2015-Mar 2016.
300 _av187 n10, pages 18-25:
_billustrations;
_c27 cm.
650 0 _927654
_aViolence.
942 _2ddc
_cPER